| 000 | 00591nam a2200193 a 4500 | ||
|---|---|---|---|
| 008 | 951212s1983||||CS 0 slo c | ||
| 040 |
_aSNK _bslo _cSNK _eAACR2 |
||
| 044 |
_axo _cSK |
||
| 080 | _a687.02-053.2(035.5) | ||
| 100 | 1 | _aBajzáth, Rózsa Katalin | |
| 245 | 1 | 0 |
_aStriháme a šijeme pre deti _cRózsa Katalin Bajzáth ; Ružena Halásová, Mikuláš Maník |
| 260 |
_aBratislava _bAlfa _c1983 _eKošice _fVýchodoslovenské tlačiarne |
||
| 300 | _bSch. | ||
| 700 | 1 |
_aHalásová, Ružena _4prk |
|
| 700 | 1 |
_aManík, Mikuláš _4gup |
|
| 020 | _c35 | ||
| 041 | _aslo | ||
| 958 | _aA | ||
| 999 |
_c19732 _d19732 |
||